<?xml version="1.0" encoding="UTF-8"?>
<marc:record xmlns:marc="http://www.loc.gov/MARC21/slim">
   <marc:leader>00000nam a2200000 a 4500</marc:leader>
   <marc:datafield ind1="1" ind2=" " tag="100">
      <marc:subfield code="a">Neuper, Hubert</marc:subfield>
      <marc:subfield code="4">aut</marc:subfield>
      <marc:subfield code="e">Verfasser/-in</marc:subfield>
   </marc:datafield>
   <marc:datafield ind1=" " ind2=" " tag="653">
      <marc:subfield code="a">Skiflug</marc:subfield>
   </marc:datafield>
   <marc:datafield ind1=" " ind2=" " tag="653">
      <marc:subfield code="a">Skispringer</marc:subfield>
   </marc:datafield>
   <marc:datafield ind1=" " ind2=" " tag="653">
      <marc:subfield code="a">Sportler</marc:subfield>
   </marc:datafield>
   <marc:datafield ind1=" " ind2=" " tag="653">
      <marc:subfield code="a">Weltcup</marc:subfield>
   </marc:datafield>
   <marc:datafield ind1="0" ind2="0" tag="245">
      <marc:subfield code="a">Flatline</marc:subfield>
   </marc:datafield>
   <marc:datafield ind1=" " ind2="1" tag="264">
      <marc:subfield code="b">Ibera</marc:subfield>
      <marc:subfield code="c">2003</marc:subfield>
   </marc:datafield>
   <marc:datafield ind1="1" ind2=" " tag="520">
      <marc:subfield code="a">Dass aussergewöhnliche Erfolge kein erfülltes Leben garantieren, weiss Hubert Neuper aus eigener Erfahrung. In diesem Buch beschreibt er nicht nur die Verwirklichung seiner Visionen, sondern auch die zunehmende emotionale Leere, die seinen beruflichen Aufstieg begleitet. Die Missachtung persönlicher Bedürfnisse führen ihn zu jenem Punkt, an dem er sich selbst verliert. Er zieht sich nach Nashville, Tennessee zurück, um auf dem Anwesen seines Freundes Gilbert O'Sullivan, einem bedeutenden Musiker der siebziger Jahre, Distanz zu seinem bisherigen Leben zu bekommen.</marc:subfield>
   </marc:datafield>
   <marc:datafield ind1="3" ind2=" " tag="024">
      <marc:subfield code="a">3850521761</marc:subfield>
   </marc:datafield>
</marc:record>
